[Event "ODEM U25A 2013"]
[Site "Oberhof GER"]
[Date "2013.05.21"]
[Round "5"]
[White "Wastian, Jan"]
[Black "Alcer, Fabian"]
[Result "0-1"]
[Termination "normal"]
[Board "29"]
[WhiteElo "1636"]
[BlackElo "1732"]
[PlyCount "88"]
[WhiteFideId "12911640"]
[BlackFideId "24693898"]
[EventCountry "GER"]
[EventRounds "9"]
[EventType "swiss"]
[EventDate "2013.05.18"]

1. e4 e5 2. Nf3 Nc6 3. Bb5 a6 4. Ba4 Nf6 5. d3 b5 6. Bb3 Be7 7. O-O O-O 8. a4
Rb8 9. axb5 axb5 10. Nbd2 d6 11. Re1 h6 12. Nf1 Be6 13. c3 Nh7 14. Bc2 f5 15.
exf5 Bxf5 16. Bb3+ Kh8 17. Ne3 Bg6 18. Nd5 Bh5 19. Nxe7 Nxe7 20. h3 Qc8 21. Kh2
Bxf3 22. gxf3 Ng6 23. Rg1 Nf4 24. Bxf4 Rxf4 25. Rg4 Qf5 26. Bd5 Ng5 27. Rg3 Rh4
28. Qf1 Qf4 29. Kg2 Rf8 30. Ra8 Rxa8 31. Bxa8 Qd2 32. Qb1 Ne6 33. Be4 Nf4+ 34.
Kf1 Rxh3 35. Rxh3 Qe2+ 36. Kg1 Nxh3+ 37. Kh1 Nxf2+ 38. Kg1 Nh3+ 39. Kh1 Nf4 40.
Qg1 Qxb2 41. Qg4 Qb1+ 42. Kh2 Qa2+ 43. Kh1 Qe6 44. Bf5 Qf7 0-1

[Event "ODEM U25A 2013"]
[Site "Oberhof GER"]
[Date "2013.05.21"]
[Round "5"]
[White "Torzinski, Nils"]
[Black "Litzka, Richard"]
[Result "0-1"]
[Termination "normal"]
[Board "30"]
[WhiteElo "1805"]
[BlackElo "1572"]
[PlyCount "82"]
[WhiteFideId "24695840"]
[EventCountry "GER"]
[EventRounds "9"]
[EventType "swiss"]
[EventDate "2013.05.18"]

1. e4 c5 2. Nc3 Nf6 3. f4 e6 4. Nf3 d5 5. Bb5+ Nc6 6. e5 Nd7 7. O-O Be7 8. d3
Qc7 9. Qe1 a6 10. Bxc6 Qxc6 11. Qg3 O-O 12. f5 exf5 13. Qh3 Nb6 14. Bg5 Bxg5
15. Nxg5 h6 16. Nf3 d4 17. Ne2 Nd5 18. Qg3 Kh7 19. Rfe1 Qg6 20. Qxg6+ Kxg6 21.
a4 b6 22. Nd2 Ne3 23. Nf4+ Kh7 24. Rac1 Be6 25. Nxe6 fxe6 26. Nb3 a5 27. c3
Rfd8 28. cxd4 cxd4 29. Nxd4 Nxg2 30. Nxe6 Nxe1 31. Nxd8 Nxd3 32. Rd1 Rxd8 33.
e6 Re8 34. Rxd3 Rxe6 35. Kf2 g5 36. b3 Kg6 37. Kf3 g4+ 38. Kf4 Re4+ 39. Kg3 Kg5
40. Kf2 h5 41. Kg3 Re3+ 0-1

[Event "ODEM U25A 2013"]
[Site "Oberhof GER"]
[Date "2013.05.21"]
[Round "5"]
[White "Usczeck, Lukas"]
[Black "Zesewitz, Maik"]
[Result "1-0"]
[Termination "normal"]
[Board "31"]
[WhiteElo "1794"]
[BlackElo "1552"]
[PlyCount "55"]
[WhiteFideId "12937827"]
[BlackFideId "12905640"]
[EventCountry "GER"]
[EventRounds "9"]
[EventType "swiss"]
[EventDate "2013.05.18"]

1. d4 d5 2. c4 e6 3. Nc3 Bb4 4. Qc2 Nf6 5. Nf3 O-O 6. e3 Nbd7 7. Bd3 dxc4 8.
Bxc4 b6 9. O-O Bb7 10. a3 Bxf3 11. axb4 Bb7 12. b5 c5 13. bxc6 Bxc6 14. e4 Qc7
15. Bd3 Ng4 16. e5 f5 17. f3 Nh6 18. Qb3 Rfe8 19. Bxh6 gxh6 20. Bxf5 Nf8 21.
Be4 Bxe4 22. Nxe4 Kg7 23. Rfc1 Qd7 24. Nd6 Red8 25. Ra4 Qe7 26. Rac4 Rd7 27. f4
Ng6 28. f5 1-0

[Event "ODEM U25A 2013"]
[Site "Oberhof GER"]
[Date "2013.05.21"]
[Round "5"]
[White "Mehling, Katharina"]
[Black "Täschner, Simon"]
[Result "1-0"]
[Termination "normal"]
[Board "32"]
[WhiteElo "1837"]
[BlackElo "1504"]
[PlyCount "55"]
[WhiteFideId "12900362"]
[BlackFideId "1270971"]
[EventCountry "GER"]
[EventRounds "9"]
[EventType "swiss"]
[EventDate "2013.05.18"]

1. d4 Nf6 2. Nc3 d6 3. e4 g6 4. f3 Bg7 5. Be3 O-O 6. Qd2 e5 7. O-O-O exd4 8.
Bxd4 Nc6 9. Be3 Be6 10. Bh6 a6 11. h4 b5 12. g4 b4 13. Nd5 a5 14. h5 Bxd5 15.
exd5 Ne5 16. Bxg7 Kxg7 17. hxg6 fxg6 18. Be2 Rh8 19. g5 Nfd7 20. f4 Nf7 21. Nf3
Nc5 22. Nd4 Qc8 23. Rdg1 Re8 24. Bg4 Qa6 25. Ne6+ Nxe6 26. dxe6 Nd8 27. Qd4+
Kg8 28. Rxh7 1-0

[Event "ODEM U25A 2013"]
[Site "Oberhof GER"]
[Date "2013.05.21"]
[Round "5"]
[White "Herbrig, Marie-Helen"]
[Black "Reinfelder, Fabian"]
[Result "0-1"]
[Termination "normal"]
[Board "33"]
[WhiteElo "1762"]
[BlackElo "1498"]
[PlyCount "124"]
[WhiteFideId "12900427"]
[BlackFideId "12963607"]
[EventCountry "GER"]
[EventRounds "9"]
[EventType "swiss"]
[EventDate "2013.05.18"]

1. e4 c6 2. d4 d5 3. Nc3 dxe4 4. Nxe4 Bf5 5. Ng3 Bg6 6. Nf3 Nd7 7. h4 h6 8. h5
Bh7 9. Bd3 Bxd3 10. Qxd3 e6 11. Bd2 Ngf6 12. Ne4 Nxe4 13. Qxe4 Nf6 14. Qe2 Qb6
15. O-O-O c5 16. Qc4 Bd6 17. Be3 Ng4 18. Rhf1 Nxe3 19. fxe3 cxd4 20. Nxd4 O-O
21. Rf3 Rac8 22. Qd3 Be5 23. Qe4 Bxd4 24. exd4 Qa5 25. Ra3 Qb6 26. Rdd3 Rfd8
27. Qg4 Rd5 28. Rab3 Qc7 29. Rdc3 Qd7 30. Rd3 Rc4 31. c3 a5 32. Kd2 b5 33. a3
a4 34. Rb4 Rxb4 35. axb4 Rg5 36. Qf3 Qd5 37. Qxd5 exd5 38. g3 Rxh5 39. Re3 Kf8
40. Re2 Rg5 41. Re3 Rg6 42. Rf3 Ke7 43. Ke2 Re6+ 44. Kd2 g6 45. Rf2 Re4 46. Rf1
Ke6 47. Kd3 f5 48. Rf3 h5 49. Rf2 Kf6 50. Kc2 Kg5 51. b3 axb3+ 52. Kxb3 Re3 53.
Rg2 Kg4 54. Ra2 Kxg3 55. Ra5 h4 56. Rxb5 h3 57. Rb6 g5 58. Rh6 h2 59. b5 Re1
60. b6 h1=Q 61. Rxh1 Rxh1 62. b7 Rb1+ 0-1

[Event "ODEM U25A 2013"]
[Site "Oberhof GER"]
[Date "2013.05.21"]
[Round "5"]
[White "Göttel, Tobias"]
[Black "Halas, Lena"]
[Result "1-0"]
[Termination "normal"]
[Board "35"]
[WhiteElo "1989"]
[BlackElo "1668"]
[PlyCount "75"]
[WhiteFideId "24693316"]
[BlackFideId "12931799"]
[EventCountry "GER"]
[EventRounds "9"]
[EventType "swiss"]
[EventDate "2013.05.18"]

1. e4 c6 2. Nf3 d5 3. exd5 cxd5 4. Ne5 Nf6 5. d4 a6 6. Bd3 Nc6 7. c3 e6 8. O-O
Bd6 9. f4 Qb6 10. Kh1 Bd7 11. Nd2 Qc7 12. Qe1 Rf8 13. Ndf3 h6 14. Qg3 O-O-O 15.
Qxg7 Nh5 16. Qg4 Nf6 17. Qh4 Be7 18. Qe1 Nh5 19. Nxd7 Qxd7 20. Ne5 Qe8 21. Qe2
f5 22. Nxc6 bxc6 23. Qxe6+ Kb7 24. Re1 Rf7 25. Qe2 Rg7 26. Bxf5 Rd6 27. Bh3 Qg6
28. f5 Qf7 29. Qf3 Bh4 30. Re6 Rxe6 31. fxe6 Qxf3 32. gxf3 Rg6 33. Bd2 Bf2 34.
Rf1 Bh4 35. f4 Nf6 36. Rg1 Rxg1+ 37. Kxg1 Ne4 38. Be3 1-0

[Event "ODEM U25A 2013"]
[Site "Oberhof GER"]
[Date "2013.05.21"]
[Round "5"]
[White "Donath, Johann"]
[Black "Nguyen, Anh Van"]
[Result "1-0"]
[Termination "normal"]
[Board "36"]
[WhiteElo "1958"]
[BlackElo "1630"]
[PlyCount "61"]
[WhiteFideId "24685160"]
[BlackFideId "12908223"]
[EventCountry "GER"]
[EventRounds "9"]
[EventType "swiss"]
[EventDate "2013.05.18"]

1. e4 c5 2. c3 d6 3. d4 cxd4 4. cxd4 Nf6 5. Nc3 g6 6. Nf3 Bg7 7. Bd3 Nc6 8. h3
O-O 9. O-O d5 10. e5 Nd7 11. Re1 Nb6 12. Be3 a6 13. Qe2 f6 14. exf6 exf6 15.
Bf4 Bd7 16. a4 Re8 17. Qd2 Nb4 18. a5 Nxd3 19. Qxd3 Bf5 20. Rxe8+ Qxe8 21. Qf1
Nc4 22. Nxd5 Rc8 23. b3 Nb2 24. Ra2 Nd3 25. Re2 Be4 26. Bd2 f5 27. Nc3 Nf4 28.
Re1 Rxc3 29. Bxc3 Qc8 30. Qc4+ Qxc4 31. bxc4 1-0

[Event "ODEM U25A 2013"]
[Site "Oberhof GER"]
[Date "2013.05.21"]
[Round "5"]
[White "Mehling, Franziska"]
[Black "Wendler, Simon"]
[Result "1-0"]
[Termination "normal"]
[Board "37"]
[WhiteElo "1690"]
[BlackElo "1413"]
[PlyCount "109"]
[WhiteFideId "12900133"]
[BlackFideId "12938351"]
[EventCountry "GER"]
[EventRounds "9"]
[EventType "swiss"]
[EventDate "2013.05.18"]

1. d4 d5 2. c4 e6 3. Nc3 c5 4. e3 Nc6 5. cxd5 exd5 6. Nf3 Nf6 7. a3 Be7 8. dxc5
Bxc5 9. b4 Be7 10. Be2 O-O 11. O-O Re8 12. Bb2 b6 13. Rc1 Bb7 14. Qd2 Bf8 15.
Rfd1 Ne7 16. Bb5 Nd7 17. Qd4 a6 18. Bxd7 Qxd7 19. Qxb6 Nf5 20. Qa5 Bc6 21. Nxd5
Bxd5 22. Qxd5 Qxd5 23. Rxd5 Nd6 24. h3 Rac8 25. Rdc5 Rxc5 26. Rxc5 Rc8 27. Rxc8
Nxc8 28. Ne5 Nb6 29. Kf1 f6 30. Nd3 Kf7 31. Nc5 Bxc5 32. bxc5 Na4 33. Bd4 Ke6
34. e4 Kd7 35. Ke2 Kc6 36. Kd3 Nxc5+ 37. Bxc5 Kxc5 38. Kc3 Kb5 39. f4 Kc5 40.
a4 h5 41. g4 hxg4 42. hxg4 g6 43. a5 Kd6 44. Kd4 Kc6 45. e5 fxe5+ 46. Kxe5 Kd7
47. Kf6 Ke8 48. Kxg6 Kf8 49. f5 Kg8 50. f6 Kh8 51. Kf5 Kg8 52. Ke6 Kf8 53. f7
Kg7 54. Ke7 Kh7 55. f8=Q 1-0

[Event "ODEM U25A 2013"]
[Site "Oberhof GER"]
[Date "2013.05.21"]
[Round "5"]
[White "Baudy, Niklas"]
[Black "Weiss, Reinhold"]
[Result "1/2-1/2"]
[Termination "normal"]
[Board "38"]
[WhiteElo "1675"]
[BlackElo "1861"]
[PlyCount "42"]
[WhiteFideId "24698849"]
[BlackFideId "12966436"]
[EventCountry "GER"]
[EventRounds "9"]
[EventType "swiss"]
[EventDate "2013.05.18"]

1. e4 Nf6 2. e5 Nd5 3. c4 Nb6 4. c5 Nd5 5. Nc3 Nxc3 6. dxc3 d6 7. cxd6 exd6 8.
Bc4 Nc6 9. exd6 Bxd6 10. Nf3 O-O 11. O-O Bf5 12. Be3 Qd7 13. Nd4 Nxd4 14. Bxd4
Be6 15. Bd3 Bf5 16. Be2 Rfe8 17. Bf3 Be4 18. Re1 Bxf3 19. Qxf3 b6 20. Rad1
Rxe1+ 21. Rxe1 Re8 1/2-1/2

[Event "ODEM U25A 2013"]
[Site "Oberhof GER"]
[Date "2013.05.21"]
[Round "5"]
[White "Denkert, Robert"]
[Black "Engers, Felix"]
[Result "0-1"]
[Termination "normal"]
[Board "39"]
[WhiteElo "1631"]
[BlackElo "1804"]
[PlyCount "38"]
[WhiteFideId "12957216"]
[BlackFideId "12908282"]
[EventCountry "GER"]
[EventRounds "9"]
[EventType "swiss"]
[EventDate "2013.05.18"]

1. e4 c5 2. Nc3 g6 3. g3 Bg7 4. Bg2 e6 5. d3 Ne7 6. Be3 d6 7. f4 O-O 8. Nf3 b6
9. d4 Bb7 10. e5 Nf5 11. Bf2 cxd4 12. Nb5 dxe5 13. fxe5 Nd7 14. Nd6 Nxd6 15.
exd6 Ne5 16. Bxd4 Bxf3 17. Bxf3 Nxf3+ 18. Qxf3 Bxd4 19. O-O-O Qf6 0-1

[Event "ODEM U25A 2013"]
[Site "Oberhof GER"]
[Date "2013.05.21"]
[Round "5"]
[White "Erofeev, Anastasia"]
[Black "Peters, Theresa"]
[Result "1-0"]
[Termination "normal"]
[Board "40"]
[WhiteElo "1813"]
[BlackElo "1467"]
[PlyCount "93"]
[WhiteFideId "12917915"]
[BlackFideId "12952192"]
[EventCountry "GER"]
[EventRounds "9"]
[EventType "swiss"]
[EventDate "2013.05.18"]

1. e4 c5 2. Nf3 a6 3. a4 Nc6 4. d4 cxd4 5. Nxd4 Nf6 6. Nc3 e5 7. Nxc6 bxc6 8.
Bg5 Bb4 9. Qf3 O-O 10. Bxf6 Qxf6 11. Qxf6 gxf6 12. Bc4 f5 13. f3 Bb7 14. Rd1
Rad8 15. O-O Bxc3 16. bxc3 d5 17. Bd3 fxe4 18. fxe4 dxe4 19. Bxe4 Rxd1 20. Rxd1
f5 21. Bd3 Bc8 22. Bc4+ Kh8 23. Rd6 e4 24. Kf2 Bb7 25. Re6 Bc8 26. Re7 Rd8 27.
Ke3 Rf8 28. g3 Rd8 29. Ra7 c5 30. Ra8 Kg7 31. Bxa6 Rd1 32. Rxc8 Ra1 33. Bb5 Kg6
34. Rxc5 Rc1 35. Bd7 Rf1 36. Bxf5+ Rxf5 37. Rxf5 Kxf5 38. a5 h5 39. a6 h4 40.
gxh4 Kg4 41. a7 Kh3 42. a8=Q Kxh2 43. Qxe4 Kg3 44. Qf4+ Kh3 45. Qg5 Kh2 46. Kf2
Kh3 47. Qg3# 1-0

[Event "ODEM U25A 2013"]
[Site "Oberhof GER"]
[Date "2013.05.21"]
[Round "5"]
[White "Thumm, Felix"]
[Black "Gamisch, Laura"]
[Result "1/2-1/2"]
[Termination "normal"]
[Board "41"]
[WhiteElo "1733"]
[BlackElo "1763"]
[PlyCount "40"]
[WhiteFideId "12902209"]
[BlackFideId "24615161"]
[EventCountry "GER"]
[EventRounds "9"]
[EventType "swiss"]
[EventDate "2013.05.18"]

1. d4 d5 2. Nf3 Nf6 3. e3 e6 4. Nbd2 c5 5. b3 Nc6 6. Bb2 Be7 7. a3 b6 8. Bd3
O-O 9. O-O Bb7 10. Ne5 h6 11. f4 Nxe5 12. dxe5 Ne4 13. Nxe4 dxe4 14. Bc4 Qxd1
15. Raxd1 Rad8 16. Be2 Rxd1 17. Rxd1 Rd8 18. Kf2 Bh4+ 19. g3 Be7 20. Ke1 Kf8
1/2-1/2

[Event "ODEM U25A 2013"]
[Site "Oberhof GER"]
[Date "2013.05.21"]
[Round "5"]
[White "Greßmann, Hanna"]
[Black "Stoll, Katja"]
[Result "1/2-1/2"]
[Termination "normal"]
[Board "44"]
[WhiteElo "1520"]
[BlackElo "1766"]
[PlyCount "82"]
[WhiteFideId "12930709"]
[BlackFideId "1271730"]
[EventCountry "GER"]
[EventRounds "9"]
[EventType "swiss"]
[EventDate "2013.05.18"]

1. e4 e5 2. Nf3 Nf6 3. Bc4 Nxe4 4. Nc3 Nxc3 5. dxc3 Bd6 6. Ng5 Qf6 7. Bxf7+ Kf8
8. Bc4 h6 9. Ne4 Qg6 10. Qf3+ Ke8 11. Nxd6+ cxd6 12. Bd3 Qf7 13. Qxf7+ Kxf7 14.
Be4 Nc6 15. Be3 b6 16. O-O-O Ke7 17. Rd2 Rf8 18. Rhd1 Rf6 19. f3 Bb7 20. Bf2
Na5 21. Bxb7 Nxb7 22. Bg3 Rd8 23. Re2 Kf7 24. Red2 Re8 25. Rd5 Ke6 26. R5d2 Rc8
27. Re2 g5 28. Kb1 Nc5 29. Red2 Ke7 30. Re2 Ne6 31. Red2 Nf4 32. Bxf4 gxf4 33.
Kc1 Rg8 34. h3 Rg5 35. Re2 Rfg6 36. Rdd2 Ke6 37. c4 Ke7 38. Kd1 Kd8 39. Ke1 Kc7
40. Kf1 Kc6 41. Rd5 Rg8 1/2-1/2

[Event "ODEM U25A 2013"]
[Site "Oberhof GER"]
[Date "2013.05.21"]
[Round "5"]
[White "von Reppert, Marc"]
[Black "Schreiber, Justina"]
[Result "1-0"]
[Termination "normal"]
[Board "45"]
[WhiteElo "1681"]
[BlackElo "1603"]
[PlyCount "71"]
[WhiteFideId "12918130"]
[BlackFideId "24661570"]
[EventCountry "GER"]
[EventRounds "9"]
[EventType "swiss"]
[EventDate "2013.05.18"]

1. e4 e6 2. d4 d5 3. exd5 exd5 4. Bd3 Bd6 5. Na3 c6 6. Nf3 Bg4 7. O-O Ne7 8. c4
O-O 9. c5 Bc7 10. Nc2 Bh5 11. Re1 Re8 12. Bxh7+ Kf8 13. Bd3 Ng6 14. Ne3 Nh4 15.
Be2 Nxf3+ 16. Bxf3 Bxf3 17. Qxf3 Qh4 18. Qh3 Qxh3 19. gxh3 Bf4 20. Ng2 Rxe1+
21. Nxe1 Bxc1 22. Rxc1 Nd7 23. Nd3 Re8 24. Re1 Rxe1+ 25. Nxe1 Nf6 26. f3 b6 27.
b4 Ke7 28. Kf2 Ke6 29. Nd3 Nd7 30. cxb6 axb6 31. a4 Kd6 32. a5 bxa5 33. bxa5 c5
34. dxc5+ Nxc5 35. Nxc5 Kxc5 36. Ke3 1-0

[Event "ODEM U25A 2013"]
[Site "Oberhof GER"]
[Date "2013.05.21"]
[Round "5"]
[White "Brühan, Caren"]
[Black "Vergin, Marcel"]
[Result "0-1"]
[Termination "normal"]
[Board "46"]
[WhiteElo "1643"]
[BlackElo "1801"]
[PlyCount "44"]
[WhiteFideId "24691976"]
[EventCountry "GER"]
[EventRounds "9"]
[EventType "swiss"]
[EventDate "2013.05.18"]

1. d4 Nf6 2. Nf3 d6 3. e3 Nbd7 4. Bd3 e5 5. dxe5 dxe5 6. Nbd2 Be7 7. O-O O-O 8.
c4 Re8 9. b3 Bb4 10. Bc2 Nc5 11. Qe2 e4 12. Ng5 h6 13. Nh3 Bg4 14. Qe1 Bxh3 15.
gxh3 Qd7 16. f4 Qxh3 17. Rf2 Ng4 18. Re2 Rad8 19. Qg3 Qxg3+ 20. hxg3 Nd3 21. a3
Bc3 22. Rb1 Nxc1 0-1

[Event "ODEM U25A 2013"]
[Site "Oberhof GER"]
[Date "2013.05.21"]
[Round "5"]
[White "Arns, Alexander"]
[Black "Wodzinski, Kristin"]
[Result "1-0"]
[Termination "normal"]
[Board "47"]
[WhiteElo "1685"]
[BlackElo "1643"]
[PlyCount "97"]
[WhiteFideId "12944009"]
[BlackFideId "12923141"]
[EventCountry "GER"]
[EventRounds "9"]
[EventType "swiss"]
[EventDate "2013.05.18"]

1. e4 c5 2. Nf3 d6 3. d4 cxd4 4. Nxd4 Nf6 5. Nc3 a6 6. Bc4 e6 7. O-O Be7 8. f3
O-O 9. Be3 b5 10. Bb3 Qd7 11. Qd2 Bb7 12. Rfd1 Rd8 13. a4 b4 14. Na2 a5 15. c3
d5 16. e5 bxc3 17. Nxc3 Ne8 18. Ncb5 Bb4 19. Qd3 Na6 20. Bc2 g6 21. Nb3 Rdc8
22. Na7 Rc4 23. Nd2 Bxd2 24. Qxd2 Qc7 25. Bd3 Rb4 26. Qc3 Kg7 27. Nb5 Qd7 28.
Rdc1 Rc8 29. Qd2 Nac7 30. Bc5 Rh4 31. g3 Rh5 32. g4 Rxe5 33. Bd4 f6 34. Bxe5
fxe5 35. Qxa5 e4 36. Be2 d4 37. fxe4 Bxe4 38. Nxc7 Nxc7 39. Qe5+ Kg8 40. Qxe4
Rb8 41. Rc2 Qd6 42. Rc6 Qd7 43. Rac1 Rb7 44. b4 e5 45. Bc4+ Kf8 46. Rf1+ Ke8
47. Qxe5+ Kd8 48. Rf8+ Ne8 49. Rd6 1-0

[Event "ODEM U25A 2013"]
[Site "Oberhof GER"]
[Date "2013.05.21"]
[Round "5"]
[White "Mauser, Tassilo Tino"]
[Black "Koll, Lukas"]
[Result "1-0"]
[Termination "normal"]
[Board "48"]
[WhiteElo "1735"]
[BlackElo "1464"]
[PlyCount "105"]
[WhiteFideId "12925136"]
[BlackFideId "12969737"]
[EventCountry "GER"]
[EventRounds "9"]
[EventType "swiss"]
[EventDate "2013.05.18"]

1. c4 c5 2. Nf3 g6 3. d4 cxd4 4. Nxd4 Bg7 5. Nc3 Nc6 6. Nxc6 bxc6 7. Qc2 d5 8.
cxd5 cxd5 9. e3 e6 10. Bd2 Rb8 11. Be2 Ne7 12. O-O O-O 13. Rfd1 Bd7 14. Be1 Rc8
15. Rac1 Qb6 16. Qb1 Rfd8 17. Bf1 Rb8 18. b3 Rbc8 19. Ne2 Rxc1 20. Rxc1 Rc8 21.
Rxc8+ Bxc8 22. Bc3 Bxc3 23. Nxc3 Ba6 24. Na4 Qc6 25. Bxa6 Qxa6 26. Qc2 Qc8 27.
Qxc8+ Nxc8 28. Kf1 Kf8 29. Ke2 Ke7 30. Kd3 Kd6 31. Kd4 e5+ 32. Kc3 Ne7 33. Nb2
Nc6 34. a3 f5 35. b4 a6 36. Na4 g5 37. Nc5 Nb8 38. g3 g4 39. a4 e4 40. Nb3 h5
41. Nd4 Ke5 42. b5 axb5 43. axb5 Nd7 44. Ne2 Nb6 45. Nf4 Kd6 46. Kd4 Nc4 47.
Nxd5 Nb2 48. b6 Kc6 49. Ke5 Nd3+ 50. Kxf5 Nxf2 51. Kg5 Nd3 52. Kxh5 Nc5 53.
Kxg4 1-0

[Event "ODEM U25A 2013"]
[Site "Oberhof GER"]
[Date "2013.05.21"]
[Round "5"]
[White "Neumann, Tiemon"]
[Black "Bastelberger, Julian"]
[Result "0-1"]
[Termination "normal"]
[Board "50"]
[WhiteElo "1708"]
[BlackElo "1710"]
[PlyCount "104"]
[WhiteFideId "12925462"]
[BlackFideId "12971693"]
[EventCountry "GER"]
[EventRounds "9"]
[EventType "swiss"]
[EventDate "2013.05.18"]

1. e4 c5 2. Nf3 e6 3. d4 cxd4 4. Nxd4 a6 5. Nc3 Qc7 6. Be2 Nf6 7. O-O Bb4 8.
Bg5 Bxc3 9. Bxf6 gxf6 10. bxc3 Qxc3 11. Rb1 Qc7 12. Rb3 Rg8 13. Qd2 Nc6 14.
Nxc6 dxc6 15. Rd1 Bd7 16. Rd3 O-O-O 17. Bh5 Rgf8 18. Rd6 e5 19. a3 Be6 20. Qb4
Rxd6 21. Rxd6 Rd8 22. Rxd8+ Qxd8 23. h3 b6 24. Bg4 Kb7 25. a4 c5 26. Qb1 Bxg4
27. hxg4 Kc6 28. Qb3 Qd7 29. Kh2 Qe6 30. Qd3 b5 31. a5 Qd6 32. Qh3 b4 33. Qb3
Kb5 34. Qa2 Qe6 35. Qb2 Kxa5 36. c3 Qc4 37. cxb4+ cxb4 38. f3 b3 39. Qa3+ Kb5
40. Qe7 Qe6 41. Qb7+ Kc5 42. Qc7+ Kb4 43. Qc1 Qc4 44. Qd2+ Ka4 45. Qd7+ Qb5 46.
Qd2 b2 47. Qc2+ Ka3 48. Qb1 Qb3 49. Kh3 Qc3 50. Kh2 Kb3 51. Qd1+ Ka2 52. Qd5+
Ka1 0-1

[Event "ODEM U25A 2013"]
[Site "Oberhof GER"]
[Date "2013.05.21"]
[Round "5"]
[White "Nabinger, Annalena"]
[Black "Walther, Jochen"]
[Result "1/2-1/2"]
[Termination "normal"]
[Board "51"]
[WhiteElo "1485"]
[BlackElo "1700"]
[PlyCount "89"]
[WhiteFideId "12902225"]
[EventCountry "GER"]
[EventRounds "9"]
[EventType "swiss"]
[EventDate "2013.05.18"]

1. e4 e5 2. Nf3 Nc6 3. d4 exd4 4. Nxd4 Bc5 5. Be3 Qf6 6. c3 Nge7 7. Bc4 Ne5 8.
Be2 O-O 9. Nd2 Qg6 10. O-O d5 11. Bh5 Qd6 12. Be2 Bb6 13. Rc1 f5 14. exd5 Nxd5
15. Nc4 Nxe3 16. Nxe3 Kh8 17. Nf3 Bxe3 18. fxe3 Qxd1 19. Rcxd1 Ng4 20. Rd3 Re8
21. Rfd1 Be6 22. b3 g6 23. Ng5 Nf6 24. Bf3 h6 25. Nxe6 Rxe6 26. Bxb7 Rae8 27.
Bf3 Rxe3 28. Rxe3 Rxe3 29. c4 Rc3 30. Re1 c5 31. Kf1 Kg8 32. Re6 Kf7 33. Re1
Rc2 34. Re2 Rxe2 35. Kxe2 Ke6 36. a3 a5 37. Ke3 Ke5 38. g3 g5 39. Kd3 f4 40. g4
Nd7 41. h3 Nf8 42. Bd5 Ne6 43. Bf3 Nd4 44. Bd1 Kd6 45. Kd2 1/2-1/2

[Event "ODEM U25A 2013"]
[Site "Oberhof GER"]
[Date "2013.05.21"]
[Round "5"]
[White "Maßloch, Philipp"]
[Black "Eimer, Christina"]
[Result "1/2-1/2"]
[Termination "normal"]
[Board "52"]
[WhiteElo "1649"]
[BlackElo "1541"]
[PlyCount "79"]
[WhiteFideId "24692476"]
[BlackFideId "24655767"]
[EventCountry "GER"]
[EventRounds "9"]
[EventType "swiss"]
[EventDate "2013.05.18"]

1. e4 e6 2. d4 d5 3. Nc3 Nf6 4. Bg5 Bb4 5. e5 h6 6. exf6 hxg5 7. fxg7 Rg8 8.
Nf3 Rxg7 9. h3 Bxc3+ 10. bxc3 b6 11. Ne5 a6 12. Qh5 Qe7 13. Be2 Nd7 14. Qh6 Rg8
15. Nxf7 Qf6 16. Qxf6 Nxf6 17. Ne5 Bd7 18. f3 a5 19. g4 Ke7 20. h4 gxh4 21.
Rxh4 Raf8 22. Kd2 Be8 23. Rg1 Nd7 24. Nxd7 Kxd7 25. Ke3 Kd6 26. f4 Rg7 27. g5
Ke7 28. Rh6 Rgf7 29. Rf1 Rf5 30. Rf2 Bd7 31. Rh7+ R5f7 32. Rxf7+ Rxf7 33. Rh2
c5 34. Rh8 c4 35. g6 Rg7 36. Rh7 Kf6 37. Bh5 Be8 38. Kf3 Bxg6 39. Bxg6 Rxg6 40.
Rh1 1/2-1/2